000 00749nam a22002057a 4500
003 DO-SdBNP
005 20180222094803.0
008 151210b 1986 cl xxu||||| |||| 00| 0 spa d
040 _aBPMSU
_bsp
_cBPMSU
100 _aGallardo Arismendi, Osvaldo.
245 1 0 _aLa educación física y la expresión corporal en el jardín infantil :
_bguía para el educador, nivel transición: 4 a 5 años /
_cOsvaldo Gallardo Arismendi, Carmen Pregnan de Gallardo.
260 _aSantiago de Chile :
_bAndrés Bello,
_c1986.
300 _a85 p. :
_bil. ;
_c27 cm.
505 _aBibliografía : p. 86
700 1 2 _aPregnan de Gallardo, Carmen.
910 _a00260
942 _2ddc
_cBK
945 _aInventariado, 2018/MFF
956 _aLorenza Pérez
_b10
999 _c9092
_d9092